00953nam a2200193Ia 4500001032000000002005100320008003700371010001100408530002200419583002600441650003800467650003400505650004500539700005000584700004200634700004500676942001900721999001900740IA_The potential demand for the drink is 3, 913,000 units per year in 240 ml presentations. The project had an NPV (15%) of 4, 982,315.02, an IRR of 43.2% and a benefit-cost ratio of 1.70, indicators that dictate that the project is technically feasible, economically viable, and socially and environmentally feasible.PLAN DE NEGOCIOS DE UNA BEBIDA FUNCIONAL ELABORADA220117s xx 000 0 und d a184726 aDisponible en PDF a1 ej. imp. ; 2 ej. CD 0aBeverage industryzMexico9157683 aHibiscus sabdariffa 9157684 0aIndustria de bebidaszMéxico 9157685 aCastillo Linares, Erika Belem, asesor9163723 aGarcía Chávez, Luis Ramiro, dir.  aSalinas Moreno, Yolanda, asesor 9163724 cTESIS A74 2013 c184726d184726